Music Quiz

Random Music or Album Quiz
Score 0/10 Timer 02:00
0 Plays Today
Year Album % Correct
1996 - their first album worldwideBackstreet Boys
96%
2000 - songs include More Than That and The CallBlack & Blue
90.6%
1999 - songs include I Want It That Way and The OneMillennium
85.5%
1997 - released worldwide at the same time as 1 was released in USABackstreet's Back
77.6%
2005 - songs include Incomplete and Just Want You To KnowNever Gone
76%
2009 - songs include Straight Through My Heart and BiggerThis Is Us
75.9%
2019 - songs include Don’t Go Breaking My Heart and ChancesDNA
73.9%
2013 - songs include Permanent Stain and BreatheIn A World Like This
70.2%
2007 - songs include Inconsolable and Helpless When She SmilesUnbreakable
69.6%
2001 - includes all their singles up to that pointThe Hits: Chapter One
65.5%
Remove Ads.
Support Sporcle.
Get the best of Sporcle when you Go Orange. This ad-free experience offers more features, more stats, and more fun while also helping to support Sporcle. Thank you for becoming a member.

You're not logged in!

Compare scores with friends on all Sporcle quizzes.
OR
Log In

Show Comments

Extras

Top Quizzes Today


Score Distribution

Your Account Isn't Verified!

In order to create a playlist on Sporcle, you need to verify the email address you used during registration. Go to your Sporcle Settings to finish the process.

Report this User

Report this user for behavior that violates our Community Guidelines.

Details: